000 01363nam0a2200325 4500
001 RU\NLR\bibl\194697
005 20260407072439.0
010 _a5-88200-268-0
_bобщ.
010 _a5-88200-281-8
_950
021 _aRU
_b98-2033
_997
035 _a(NLR Aleph) 000191181
090 _a1105706
_c1105706
100 _a20011022d1997 |||y0rusy50 ca
101 0 _arus
102 _aRU
105 _ay |||||||||
200 1 _aТезисы докладов итоговой научной конференции АГПУ (29 апр. 1997 г.)
_iСоциология. Философия
_fМ-во общ. и проф. образования РФ, Астрах. гос. пед. ун-т
210 _aАстрахань
_cИзд-во АГПУ
_d1997
215 _a54 с.
_d21
606 0 _aСоциология
_jТезисы докладов
_9893563
_3RU\NLR\auth\663357
606 0 _aФилософия
_jТезисы докладов
_9900139
_3RU\NLR\auth\666996
686 _aС5я431
686 _aЮ0я431
710 0 2 _aАстраханский государственный педагогический университет
_bНаучная конференция
_f1997
_3RU\NLR\AUTH\8810036292
_9571199
801 0 _aRU
_bNLR
_c20011022
_gPSBO
801 1 _aRU
_bNLR
_c20011022
852 _aNLR
_j2001-4/973
942 _cBOOK
980 _aNB